Zemný plyn a nafta technicko-ekonomický bulletin zamestnancov akciových spoločností Moravské naftové doly Hodonín a Nafta Gbely

Bibliographic Details
New Title:Zemní plyn a nafta - zemný plyn a nafta $x 1274-1910
Previous Title:Zemný plyn
Format: Serial
Language:Czech
PhysicalDescription:zv. cm
Published: Hodonín Moravské naftové doly 1956-1999
ISSN:0322-8762
Subjects:

MARC

LEADER 00000cas a2200000 a 4500
001 vtls001422838
003 SK-MaSNL
005 20260228160657.0
008 011023d19561999xr r 0 0 0cze d
022 |a 0322-8762 
035 |a SNK000377707 
040 |a SNK  |b slo  |c SNK  |e AACR2 
041 0 |a cze 
044 |a xr  |c CZ 
072 7 |a 622  |x Baníctvo  |2 konspekt 
072 7 |a 665  |x Oleje. Tuky. Vosky. Spojivá. Živice  |2 konspekt 
080 |a 622.324.5  |2 2011 
080 |a 665.75  |2 2011 
080 |a 050  |2 2011 
080 |a (085.3)  |2 2011 
210 0 |a Zemný plyn nafta 
222 0 |a Zemný plyn a nafta 
245 0 0 |a Zemný plyn a nafta  |b technicko-ekonomický bulletin zamestnancov akciových spoločností Moravské naftové doly Hodonín a Nafta Gbely 
260 |a Hodonín  |b Moravské naftové doly  |c 1956-1999 
300 |a zv.  |c cm 
310 |a 4x ročne 
362 0 |a 1 (1956)-44 (1999)  |z SKP 
650 0 7 |a zemný plyn  |2 SNKPH  |9 29458 
650 0 7 |a motorová nafta  |2 SNKPH  |9 72961 
655 7 |a podnikové periodiká  |2 SNKPH  |9 132333 
780 0 0 |t Zemný plyn 
785 0 0 |t Zemní plyn a nafta - zemný plyn a nafta $x 1274-1910 
910 |a snk 
999 |c 3345  |d 5275 
952 |0 0  |1 0  |4 0  |7 0  |a SNK  |b SNK  |d 2001-10-23  |l 0  |o snkČSB 4938/39/1994 D1  |p 17A0319992  |r 2005-01-02 00:00:00  |t č. 1-4  |w 2026-02-21  |y PREZ